000 00878nam a2200265 a 4500
001 000030998
003 DO-SdBNP
005 20171020100745.0
007 000030998
008 110609s20uu dr 000 0 spa d
040 _aBPMSU
_bspa
_cBPMSU
049 _a
092 _axxxx
_bH557p
100 1 _aHernández Flores, Ismael
245 1 3 _aEl proyecto de constitución de Duarte /
_cIsmael Hernández Flores.; presentación Tomás Castro Burdiez
246 1 3 _aEl proyecto de constitución de Duarte /
260 _a[Santo Domingo] :
_bFundación para la Educación y el Arte
_c[200?].
300 _a32 p. ;
_c22 cm.
490 _aCuadernos educativos y culturales
_vno. 1
700 _4Castro Burdiez, Tomás
830 _pCuadernos educativos y culturales
_vno. 1
942 _2ddc
_cBK
945 _aInventariado / 2017 VM
956 _aVMATEO
_b10
_c20150416
_lBPMSU
999 _c7652
_d7652